1357 1833 1393 1593 1306 1765 1801 1673 1417 1192 1060 1012 1703 1309 1453 1225 1070 1508 1674 1398 1809 1656 1815 1471 1953 1407 1668 1286 1013 1382 1435 1276 1666 1969 1886 1320 1528 1303 1304 1574 1438 1269 1400 1477 1150 1881 1468 1091 1942 1474 1426 1520 1771 1297 1598 1331 1852 1141 1155 1666 1478 1893 1703 1079 1043 1471 1348 1423 1815 1193 1591 1448 1124 1695 1209 1587 1907 1633 1463 1253 1266 1976 1716 1733 1118 1944 1450 1151 1983 1856 1206 1879 1921 1722 1224 1890 1700 1104 1263 BCNSPRNW ULIB Ver.6.0+V

เปลี่ยนเป็นภาษาไทย

Change to English
 แสดงรายละเอียดบรรณานุกรม
  กลับหน้าหลัก

Brief Record : Get Marc (ISO 2709) : E-mail record : QR code < ปิดหน้าต่าง
LEADER : 00000nam 2200000uu 4500
001    13399108208
003     ULIB
008    110221s2551||||th 000 0 tha d
020    9749143043
060 04 WY100^bฟ51ป
100 0  ฟาริดา อิบราฮิม
245 10 ปฏิบัติการพยาบาลตามกรอบทฤษฎีการพยาบาล /^cฟาริดา อิบราฮิม
250    พิมพ์ครั้งที่ 5
260    กรุงเทพฯ :^bคณะพยาบาลศาสตร์ มหาวิทยาลัยมหิดล,^c2551
300    446, [2] หน้า ;^c30 ซม.
650  7 การพยาบาล
650  7 ทฤษฎีการพยาบาล
650  7 การพยาบาล, ทฤษฎี
710 2  มหาวิทยาลัยมหิดล. ^bคณะพยาบาลศาสตร์
945    ^p350^l0^i023679
945    ^p350^l0^i023677
945    ^p350^l0^i023678
945    ^p350^l0^i023680
995    ทศพร
999 ^a ใช้งานได้ทุกระบบ
รายการนี้ยังไม่มีแท็ก
คุณยังไม่ได้ล็อกอิน คุณสามารถมีกิจกรรมร่วมกับเว็บไซต์ได้ แต่ต้องล็อกอินก่อน ::
  ล็อกอิน

รายการสื่อสารสนเทศ

ลำดับที่ ประเภท เลขเรียก/บาร์โค้ด สถานที่ สถานะ
1. Book การพยาบาล
Book การพยาบาล
WY100 ฟ51ป ฉ.10 
  Barcode: 023680
ห้องสมุดวิทยาเขตนครสวรรค์
►หนังสือทั่วไป:l:General Books
บนชั้น
2. Book การพยาบาล
Book การพยาบาล
WY100 ฟ51ป ฉ.7 
  Barcode: 023677
ห้องสมุดวิทยาเขตนครสวรรค์
►หนังสือทั่วไป:l:General Books
ถูกยืม กำหนดส่งวันที่ 22 กรกฎาคม 2559
  จอง

รายการใกล้เคียง
    ผู้แต่ง [ฟาริดา อิบราฮิม]

    หัวเรื่อง [การพยาบาล]
    หัวเรื่อง [ทฤษฎีการพยาบาล]
    หัวเรื่อง [การพยาบาล, ทฤษฎี]

BibComment


ยังไม่เคยถูกคอมเมนท์

คอมเมนท์ทรัพยากรรายการนี้
  คอมเมนท์: ปฏิบัติการพยาบาลต..


 Copyright 2026. Bcnsprnw @Library